[Event "42. Open Villa de Benasque 2023"]
[Site "Benasque ESP"]
[Date "2023.07.08"]
[Round "5.3"]
[White "Dardha, Daniel"]
[Black "Liu, Yan"]
[Result "1-0"]
[WhiteElo "2600"]
[BlackElo "2542"]
[PlyCount "185"]
[EventDate "2023.07.05"]
[EventType "swiss"]
[EventRounds "10"]
[EventCountry "ESP"]
[SourceTitle "AjedrezenMadrid"]
[Source "lmi"]
[SourceDate "2023.07.05"]
[SourceVersion "1"]
[SourceVersionDate "2023.07.09"]
[SourceQuality "1"]

1. Nf3 Nf6 2. c4 b6 3. d4 e6 4. g3 Bb7 5. Bg2 Bb4+ 6. Bd2 c5 7. Bxb4 cxb4 8.
O-O O-O 9. Qd3 d6 10. Nbd2 Qc7 11. e4 e5 12. Ne1 a5 13. Nc2 Re8 14. b3 Nc6 15.
Rfe1 Nxd4 16. Nxd4 exd4 17. Nf1 a4 18. Rad1 axb3 19. axb3 Nd7 20. Qxd4 Nc5 21.
Qxd6 Qxd6 22. Rxd6 Re6 23. e5 Bxg2 24. Kxg2 h6 25. Ne3 Rxe5 26. Rxb6 Ra2 27.
Rb5 f6 28. Kg1 Nxb3 29. Rb1 Nd2 30. Rxe5 Nf3+ 31. Kf1 Nxe5 32. Rxb4 Rxf2+ 33.
Kxf2 Nd3+ 34. Kf3 Nxb4 35. Ke4 Kf7 36. Nd5 Nc6 37. c5 h5 38. Nf4 g5 39. Nxh5
Kg6 40. g4 f5+ 41. Kd5 Nb4+ 42. Kc4 Nc6 43. Kd5 Nb4+ 44. Ke6 fxg4 45. Ng3 Kg7
46. Kf5 Nd3 47. c6 Nb4 48. c7 Nd5 49. c8=N Kh6 50. Nd6 Ne3+ 51. Ke4 Ng2 52.
Ndf5+ Kg6 53. Ne3 Nf4 54. Nxg4 Nh3 55. Ne5+ Kf6 56. Nd3 g4 57. Ke3 Kg5 58. Ne5
Kh4 59. Ne4 Ng1 60. Kf2 Nh3+ 61. Kf1 Nf4 62. Nf2 Ne6 63. Nexg4 Nd4 64. Kg2 Ne2
65. Ne3 Nd4 66. Nd3 Ne2 67. Nf5+ Kg4 68. Ng3 Nd4 69. Ne5+ Kf4 70. Nd3+ Kg4 71.
Ne1 Ne6 72. Ne2 Ng5 73. Nd3 Ne6 74. Ne5+ Kh4 75. Nf3+ Kg4 76. h3+ Kh5 77. Kg3
Nc5 78. Nf4+ Kh6 79. Kg4 Ne4 80. h4 Kg7 81. Ng5 Nd6 82. Nh5+ Kg6 83. Ng3 Nc4
84. Kf4 Kh6 85. Nf7+ Kh7 86. Nf5 Nb2 87. Ne5 Nd1 88. h5 Nf2 89. Kf3 Nd1 90. Nd7
Nb2 91. Nf6+ Kh8 92. h6 Nd3 93. Ne7 1-0

[Event "42. Open Villa de Benasque 2023"]
[Site "Benasque ESP"]
[Date "2023.07.08"]
[Round "5.4"]
[White "Budisavljevic, Luka"]
[Black "Forcen Esteban, Daniel"]
[Result "1-0"]
[WhiteElo "2488"]
[BlackElo "2576"]
[PlyCount "133"]
[EventDate "2023.07.05"]
[EventType "swiss"]
[EventRounds "10"]
[EventCountry "ESP"]
[SourceTitle "AjedrezenMadrid"]
[Source "lmi"]
[SourceDate "2023.07.05"]
[SourceVersion "1"]
[SourceVersionDate "2023.07.09"]
[SourceQuality "1"]

1. d4 e6 2. c4 d5 3. Nc3 Bb4 4. cxd5 exd5 5. Bf4 c5 6. dxc5 Nf6 7. e3 O-O 8.
Nf3 Ne4 9. Rc1 Qa5 10. Bd3 Nxc3 11. bxc3 Bxc3+ 12. Kf1 Bf6 13. h4 Qa3 14. Bd6
Re8 15. Qc2 h6 16. Ng5 Be7 17. Bb5 Bf5 18. Qxf5 Qxc1+ 19. Ke2 Qb2+ 20. Kf3 Bxg5
21. Bxe8 Qf6 22. Qxf6 Bxf6 23. Rb1 Nc6 24. Bd7 Na5 25. Rb5 Bd8 26. h5 a6 27.
Rb4 Nc4 28. Rxb7 Nxd6 29. cxd6 d4 30. e4 Bf6 31. Bc6 Rd8 32. d7 Kf8 33. Kf4
Bg5+ 34. Ke5 d3 35. f4 d2 36. Ba4 Be7 37. Kd4 a5 38. Ke3 Bb4 39. Ke2 Ke7 40. g3
Kd6 41. e5+ Ke7 42. Rc7 f6 43. Rc8 fxe5 44. fxe5 Ba3 45. Kxd2 Bb2 46. e6 Be5
47. g4 Bd6 48. Kd3 Ba3 49. Ke4 Bb2 50. Bb3 Ba3 51. Kd5 Bb4 52. Bc2 Bd2 53. Bg6
Bf4 54. Rc5 Bd2 55. Rc2 Bg5 56. Bf7 Bh4 57. a4 Bg5 58. Rc5 Bd2 59. Rc8 Bg5 60.
Bg6 Bh4 61. Bc2 Bg5 62. Bb3 Bh4 63. Kc6 Bg3 64. Kb6 Be1 65. Bc4 Bb4 66. Bb5 Bd2
67. Rxd8 1-0

[Event "42. Open Villa de Benasque 2023"]
[Site "Benasque ESP"]
[Date "2023.07.08"]
[Round "5.5"]
[White "Cheng, Bobby"]
[Black "Vrolijk, Liam"]
[Result "0-1"]
[WhiteElo "2572"]
[BlackElo "2517"]
[PlyCount "50"]
[EventDate "2023.07.05"]
[EventType "swiss"]
[EventRounds "10"]
[EventCountry "ESP"]
[SourceTitle "AjedrezenMadrid"]
[Source "lmi"]
[SourceDate "2023.07.05"]
[SourceVersion "1"]
[SourceVersionDate "2023.07.09"]
[SourceQuality "1"]

1. d4 Nf6 2. c4 e6 3. Nc3 Bb4 4. Qc2 d6 5. e3 c5 6. Bd3 Nc6 7. Nf3 O-O 8. O-O
d5 9. dxc5 Bxc5 10. a3 Bd6 11. Rd1 a6 12. b4 dxc4 13. Bxc4 Qc7 14. Ne4 Nxe4 15.
Qxe4 Ne5 16. Ng5 Ng6 17. h4 b5 18. Bd3 Bb7 19. Qg4 Be5 20. Rb1 Rfd8 21. f4 Rxd3
22. Rxd3 Qc2 23. Rbb3 h5 24. Qg3 Qxc1+ 25. Kh2 Nxf4 0-1

[Event "42. Open Villa de Benasque 2023"]
[Site "Benasque ESP"]
[Date "2023.07.08"]
[Round "5.6"]
[White "Peralta, Fernando"]
[Black "Prraneeth, Vuppala"]
[Result "1-0"]
[WhiteElo "2568"]
[BlackElo "2486"]
[PlyCount "217"]
[EventDate "2023.07.05"]
[EventType "swiss"]
[EventRounds "10"]
[EventCountry "ESP"]
[SourceTitle "AjedrezenMadrid"]
[Source "lmi"]
[SourceDate "2023.07.05"]
[SourceVersion "1"]
[SourceVersionDate "2023.07.09"]
[SourceQuality "1"]

1. d4 Nf6 2. c4 e6 3. Nf3 d5 4. Nc3 c5 5. cxd5 cxd4 6. Qxd4 exd5 7. Bg5 Be7 8.
e3 O-O 9. Rd1 Be6 10. Bd3 h6 11. Bh4 Nc6 12. Qa4 Qb6 13. Rd2 Rfd8 14. O-O Rac8
15. h3 Kf8 16. Ne2 Qb4 17. Qxb4 Nxb4 18. Nfd4 Ne4 19. Bxe7+ Kxe7 20. Rdd1 Nxa2
21. Ra1 Nb4 22. Bxe4 dxe4 23. Rxa7 Bd5 24. Nc3 Rd7 25. Rfa1 Bc6 26. R1a3 Nd3
27. Rb3 Nc5 28. Rb4 g6 29. Rc4 Nd3 30. Nxe4 Nxb2 31. Rc3 Rdc7 32. Nxc6+ bxc6
33. Rxc6 Rxa7 34. Rxc8 Nd3 35. Rc3 Ne5 36. g4 f5 37. gxf5 gxf5 38. Nd2 Ra2 39.
Nf1 Ra4 40. f4 Nc4 41. Rc2 Kf7 42. Kf2 Rb4 43. Ng3 Kf6 44. Kf3 Ke6 45. Ra2 Rb6
46. Rc2 Nd6 47. Rc5 Kf6 48. Rd5 Ra6 49. Ne2 Nc4 50. Nd4 Ra5 51. Rxa5 Nxa5 52.
Ke2 Nb7 53. Kd3 Nc5+ 54. Ke2 Ne4 55. Nb3 Nc3+ 56. Kf3 Ne4 57. Nd4 Nd2+ 58. Kg3
Nf1+ 59. Kf2 Nd2 60. Ne2 Ne4+ 61. Kf3 Nd2+ 62. Kg2 Nc4 63. Kf2 Nd6 64. Nc3 Nc4
65. Ke2 Ke6 66. Kd3 Nd6 67. Kd4 Ne8 68. Na4 Ng7 69. Nc5+ Kd6 70. Nb7+ Ke6 71.
Nd8+ Ke7 72. Nc6+ Kd6 73. Ne5 Ne6+ 74. Kc4 Nd8 75. Nf3 Ne6 76. Nh4 Ng7 77. Ng6
Ne6 78. Ne5 Nd8 79. Nf3 Ne6 80. Nd4 Ng7 81. Nb5+ Ke6 82. Kc5 Nh5 83. Nc7+ Kd7
84. Nb5 Ke6 85. Nd4+ Kf6 86. Ne2 Ke6 87. Kc6 Ng7 88. Nd4+ Ke7 89. Kd5 Kf6 90.
Kd6 Ne8+ 91. Kc6 Ng7 92. Kd7 Kf7 93. Kd6 Kf6 94. Ne2 Ne6 95. Nc3 Ng7 96. Nd5+
Kg6 97. Ke5 Kf7 98. Nc7 Kg6 99. Nd5 Kf7 100. h4 h5 101. Nc7 Ke7 102. Nb5 Kf7
103. Nd4 Kg6 104. Kd6 Kf6 105. Kd7 Kf7 106. Nc6 Kf6 107. Nd8 Kg6 108. Ke7 Kh6
109. Ne6 1-0

[Event "42. Open Villa de Benasque 2023"]
[Site "Benasque ESP"]
[Date "2023.07.08"]
[Round "5.7"]
[White "Martirosyan, Haik M."]
[Black "Wang, Chen"]
[Result "1-0"]
[WhiteElo "2685"]
[BlackElo "2477"]
[PlyCount "143"]
[EventDate "2023.07.05"]
[EventType "swiss"]
[EventRounds "10"]
[EventCountry "ESP"]
[SourceTitle "AjedrezenMadrid"]
[Source "lmi"]
[SourceDate "2023.07.05"]
[SourceVersion "1"]
[SourceVersionDate "2023.07.09"]
[SourceQuality "1"]

1. d4 Nf6 2. c4 e6 3. g3 d5 4. Nf3 g6 5. Bg2 Bg7 6. O-O O-O 7. Nc3 Ne4 8. Qc2
Nxc3 9. bxc3 Nc6 10. e4 dxe4 11. Qxe4 Re8 12. Bg5 f6 13. Be3 Na5 14. Nd2 Bd7
15. Qd3 e5 16. Nb3 Bf5 17. Qe2 exd4 18. cxd4 c6 19. d5 Nxb3 20. axb3 Be4 21.
Bxe4 Rxe4 22. dxc6 bxc6 23. Ra6 f5 24. Rd1 Qc8 25. c5 Bh6 26. Rd6 Bxe3 27. fxe3
Qb7 28. Qd3 Rae8 29. Rd7 Qb4 30. Raxa7 Qxc5 31. Rg7+ Kh8 32. Rxh7+ Kg8 33.
Rag7+ Kf8 34. Rd7 Kg8 35. Rhg7+ Kh8 36. Rxg6 Rxe3 37. Qd4+ Qxd4 38. Rxd4 Kh7
39. Rg5 R8e4 40. Rd7+ Kh6 41. Rxf5 Rxb3 42. Rd6+ Kg7 43. Rxc6 Re2 44. Rf2 Rb1+
45. Kg2 Rxf2+ 46. Kxf2 Rb2+ 47. Kg1 Ra2 48. Rc4 Kg6 49. Rf4 Kg5 50. Rf2 Ra4 51.
Kg2 Rb4 52. Re2 Kf5 53. Kf3 Ra4 54. Re3 Rb4 55. h3 Ra4 56. g4+ Kg5 57. Kg3 Ra6
58. h4+ Kg6 59. h5+ Kh6 60. Kh4 Ra4 61. Re6+ Kg7 62. Rb6 Rc4 63. h6+ Kh7 64.
Kh5 Rc1 65. Rb7+ Kh8 66. g5 Rc5 67. Re7 Ra5 68. Kg6 Ra6+ 69. Kf5 Ra5+ 70. Re5
Ra8 71. g6 Rb8 72. Ke4 1-0

[Event "42. Open Villa de Benasque 2023"]
[Site "Benasque ESP"]
[Date "2023.07.08"]
[Round "5.8"]
[White "Alekseenko, Kirill"]
[Black "Zoler, Dan"]
[Result "1-0"]
[WhiteElo "2674"]
[BlackElo "2461"]
[PlyCount "101"]
[EventDate "2023.07.05"]
[EventType "swiss"]
[EventRounds "10"]
[EventCountry "ESP"]
[SourceTitle "AjedrezenMadrid"]
[Source "lmi"]
[SourceDate "2023.07.05"]
[SourceVersion "1"]
[SourceVersionDate "2023.07.09"]
[SourceQuality "1"]

1. e4 e5 2. Nf3 Nc6 3. Bb5 g6 4. c3 a6 5. Bxc6 dxc6 6. d4 exd4 7. cxd4 Bg7 8.
h3 Ne7 9. Nc3 O-O 10. Bf4 h6 11. O-O g5 12. Be5 Ng6 13. Bxg7 Kxg7 14. Qb3 Nf4
15. Rfe1 Be6 16. Qc2 Qf6 17. Re3 Rad8 18. Ne2 Nxe2+ 19. Qxe2 Rd7 20. Qe1 Rfd8
21. Qa5 Re7 22. Qc3 Red7 23. Rd1 Kg8 24. Rdd3 Qg7 25. Qb4 Rb8 26. Ne5 Rd6 27.
a3 f6 28. Nf3 Qf8 29. Rd1 Rd7 30. Qc3 Rbd8 31. Rde1 Kh7 32. b4 Rg7 33. d5 cxd5
34. Nd4 Bc8 35. exd5 Rxd5 36. Re8 Qd6 37. Qc2+ f5 38. Rxc8 Rxd4 39. Qxf5+ Qg6
40. Qf8 Qf7 41. Qh8+ Kg6 42. Rf8 Qd5 43. Kh2 Re4 44. Rc1 Qe5+ 45. g3 Re2 46.
Rc5 Qe3 47. Rcf5 Qe6 48. R8f6+ Qxf6 49. Rxf6+ Kxf6 50. Qxh6+ Kf7 51. Qh5+ 1-0

[Event "42. Open Villa de Benasque 2023"]
[Site "Benasque ESP"]
[Date "2023.07.08"]
[Round "5.9"]
[White "Movsziszian, Karen"]
[Black "Sadhwani, Raunak"]
[Result "0-1"]
[WhiteElo "2477"]
[BlackElo "2608"]
[PlyCount "90"]
[EventDate "2023.07.05"]
[EventType "swiss"]
[EventRounds "10"]
[EventCountry "ESP"]
[SourceTitle "AjedrezenMadrid"]
[Source "lmi"]
[SourceDate "2023.07.05"]
[SourceVersion "1"]
[SourceVersionDate "2023.07.09"]
[SourceQuality "1"]

1. g3 d5 2. Nf3 g6 3. Bg2 Bg7 4. O-O e5 5. d3 Nc6 6. c3 a5 7. a4 Nf6 8. Qc2 O-O
9. e4 h6 10. Na3 Be6 11. Nb5 Qd7 12. Be3 Bg4 13. Rfe1 Rad8 14. Bc5 Rfe8 15. h3
Be6 16. Kh2 Nh7 17. Rad1 f5 18. Nh4 Qf7 19. exf5 gxf5 20. f4 e4 21. c4 Nf6 22.
cxd5 Bxd5 23. Qf2 exd3 24. Rxe8+ Rxe8 25. Bxd5 Qxd5 26. Nxc7 Qb3 27. Nxe8 Qxd1
28. Nxf6+ Bxf6 29. Nxf5 Qc2 30. Be3 Bxb2 31. Kg2 Bc3 32. Bc5 Nb4 33. Ne3 Qxa4
34. Bxb4 axb4 35. Qf3 Qa2+ 36. Kf1 Qe6 37. f5 Qe5 38. Ng4 Qe1+ 39. Kg2 Qe2+ 40.
Nf2 Qxf3+ 41. Kxf3 b3 42. Nxd3 b2 43. Nxb2 Bxb2 44. h4 Bf6 45. Ke4 h5 0-1

[Event "42. Open Villa de Benasque 2023"]
[Site "Benasque ESP"]
[Date "2023.07.08"]
[Round "5.10"]
[White "Hovhannisyan, Robert"]
[Black "Dhulipalla, Bala Chandra Prasad"]
[Result "1-0"]
[WhiteElo "2607"]
[BlackElo "2448"]
[PlyCount "57"]
[EventDate "2023.07.05"]
[EventType "swiss"]
[EventRounds "10"]
[EventCountry "ESP"]
[SourceTitle "AjedrezenMadrid"]
[Source "lmi"]
[SourceDate "2023.07.05"]
[SourceVersion "1"]
[SourceVersionDate "2023.07.09"]
[SourceQuality "1"]

1. e4 e5 2. Nf3 Nc6 3. Bb5 a6 4. Ba4 Nf6 5. O-O Be7 6. Bxc6 dxc6 7. Nc3 Nd7 8.
d4 exd4 9. Nxd4 O-O 10. Nf5 Bf6 11. Qe1 Re8 12. Be3 Ne5 13. Rd1 Bd7 14. f4 Ng4
15. e5 Qc8 16. h3 Bxf5 17. hxg4 Bxg4 18. exf6 Bxd1 19. Nxd1 Qf5 20. fxg7 Re6
21. Rf3 Rae8 22. Qc3 Qd5 23. Nf2 f5 24. Bd4 Rg6 25. Be5 c5 26. Qd3 Qf7 27. c4
b6 28. Nd1 Rh6 29. Ne3 1-0

[Event "42. Open Villa de Benasque 2023"]
[Site "Benasque ESP"]
[Date "2023.07.09"]
[Round "6.1"]
[White "Vrolijk, Liam"]
[Black "Dardha, Daniel"]
[Result "1/2-1/2"]
[WhiteElo "2517"]
[BlackElo "2600"]
[PlyCount "60"]
[EventDate "2023.07.05"]
[EventType "swiss"]
[EventRounds "10"]
[EventCountry "ESP"]
[SourceTitle "AjedrezenMadrid"]
[Source "lmi"]
[SourceDate "2023.07.05"]
[SourceVersion "1"]
[SourceVersionDate "2023.07.09"]
[SourceQuality "1"]

1. e4 e5 2. Nf3 Nf6 3. Nc3 Nc6 4. d4 exd4 5. Nxd4 Bb4 6. Nxc6 bxc6 7. Bd3 O-O
8. O-O d5 9. Bd2 Bxc3 10. Bxc3 dxe4 11. Bxf6 Qxf6 12. Bxe4 Qxb2 13. Bxc6 Rb8
14. Rb1 Qxb1 15. Qxb1 Rxb1 16. Rxb1 Rd8 17. Bf3 Kf8 18. Rb8 Re8 19. h4 Ba6 20.
Rb3 Be2 21. Bxe2 Rxe2 22. Rc3 Re6 23. Rxc7 Ra6 24. c4 Rxa2 25. c5 Rc2 26. Rxa7
Rc1+ 27. Kh2 Rxc5 28. Kg1 Rc1+ 29. Kh2 Rc5 30. Kg1 Rc1+ 1/2-1/2

[Event "42. Open Villa de Benasque 2023"]
[Site "Benasque ESP"]
[Date "2023.07.09"]
[Round "6.2"]
[White "Budisavljevic, Luka"]
[Black "Peralta, Fernando"]
[Result "1/2-1/2"]
[WhiteElo "2488"]
[BlackElo "2568"]
[PlyCount "97"]
[EventDate "2023.07.05"]
[EventType "swiss"]
[EventRounds "10"]
[EventCountry "ESP"]
[SourceTitle "AjedrezenMadrid"]
[Source "lmi"]
[SourceDate "2023.07.05"]
[SourceVersion "1"]
[SourceVersionDate "2023.07.09"]
[SourceQuality "1"]

1. d4 Nf6 2. c4 e6 3. Nc3 Bb4 4. Qc2 O-O 5. e4 d5 6. e5 Ne4 7. Bd3 c5 8. Nf3
cxd4 9. Nxd4 Nd7 10. Bf4 Qh4 11. g3 Qh5 12. O-O g5 13. cxd5 Bxc3 14. bxc3 exd5
15. Be3 Nxe5 16. f3 Nc5 17. Bf5 Ne6 18. Rae1 Nxd4 19. Bxd4 Nc6 20. f4 Nxd4 21.
cxd4 gxf4 22. Rxf4 Bxf5 23. Rxf5 Qg6 24. Ref1 Rae8 25. Qf2 f6 26. Rxd5 Qe4 27.
Rf5 Qe3 28. Qxe3 Rxe3 29. Rxf6 Rxf6 30. Rxf6 Ra3 31. Rf2 Rd3 32. Rf4 Ra3 33.
Rf2 Rd3 34. Rf4 Ra3 35. Kf2 Rxa2+ 36. Ke3 Rxh2 37. d5 Rh1 38. Kd4 Rd1+ 39. Ke5
a5 40. Rc4 Re1+ 41. Kf6 Rf1+ 42. Ke6 Re1+ 43. Kf6 Rf1+ 44. Ke6 Re1+ 45. Kd7 b5
46. Rc5 a4 47. Rxb5 a3 48. Ra5 Ra1 49. Rc5 1/2-1/2

[Event "42. Open Villa de Benasque 2023"]
[Site "Benasque ESP"]
[Date "2023.07.09"]
[Round "6.3"]
[White "Peng, Xiongjian"]
[Black "Martirosyan, Haik M."]
[Result "0-1"]
[WhiteElo "2489"]
[BlackElo "2685"]
[PlyCount "110"]
[EventDate "2023.07.05"]
[EventType "swiss"]
[EventRounds "10"]
[EventCountry "ESP"]
[SourceTitle "AjedrezenMadrid"]
[Source "lmi"]
[SourceDate "2023.07.05"]
[SourceVersion "1"]
[SourceVersionDate "2023.07.09"]
[SourceQuality "1"]

1. e4 c5 2. Nf3 Nc6 3. Bb5 e6 4. Bxc6 bxc6 5. d3 Ne7 6. Nbd2 Qc7 7. e5 Ng6 8.
Nc4 Ba6 9. Qe2 f6 10. exf6 gxf6 11. h4 Be7 12. Bh6 d5 13. Ne3 Rg8 14. O-O-O
O-O-O 15. g3 Kb7 16. c4 Nh8 17. Bf4 Qd7 18. Nc2 e5 19. Bd2 Ka8 20. Ba5 Rb8 21.
Nd2 Nf7 22. Rhe1 Bf8 23. Nb3 d4 24. Qh5 Rg7 25. Rg1 Bc8 26. Rde1 Qg4 27. Qxg4
Bxg4 28. Nd2 Bf5 29. Ne4 Be7 30. Na1 Rbg8 31. Nb3 Bxe4 32. dxe4 Nd6 33. Kb1 Rg4
34. Nd2 Kb7 35. a3 Ka6 36. b4 cxb4 37. axb4 Nb7 38. Kc2 Nxa5 39. bxa5 Bb4 40.
Kd3 c5 41. Nb3 Kb7 42. Rb1 Kc6 43. a6 Kb6 44. Rb2 h5 45. Rgb1 Kc6 46. Re2 Rxg3+
47. Re3 Rxe3+ 48. fxe3 Rg3 49. Rf1 Rxe3+ 50. Kc2 Rc3+ 51. Kb2 Rxc4 52. Rxf6+
Kb5 53. Rd6 Ka4 54. Na1 Bc3+ 55. Ka2 Rb4 0-1

[Event "42. Open Villa de Benasque 2023"]
[Site "Benasque ESP"]
[Date "2023.07.09"]
[Round "6.4"]
[White "Bu, Xiangzhi"]
[Black "Vázquez Igarza, Renier"]
[Result "1-0"]
[WhiteElo "2676"]
[BlackElo "2515"]
[PlyCount "99"]
[EventDate "2023.07.05"]
[EventType "swiss"]
[EventRounds "10"]
[EventCountry "ESP"]
[SourceTitle "AjedrezenMadrid"]
[Source "lmi"]
[SourceDate "2023.07.05"]
[SourceVersion "1"]
[SourceVersionDate "2023.07.09"]
[SourceQuality "1"]

1. Nf3 Nf6 2. c4 e6 3. g3 d5 4. d4 Be7 5. Bg2 O-O 6. Qc2 c5 7. O-O cxd4 8. Nxd4
Bd7 9. cxd5 Nxd5 10. Rd1 Nc6 11. Nxc6 Bxc6 12. Nc3 Nb4 13. Qb3 Qc8 14. Be3 Bxg2
15. Kxg2 b6 16. f3 Qb7 17. Rac1 Rac8 18. Qa4 Rfd8 19. Rxd8+ Rxd8 20. a3 Nc6 21.
Nb5 Rc8 22. Qe4 Qd7 23. Rc2 Bf8 24. Rd2 Qe8 25. Bf4 e5 26. Be3 h6 27. g4 a6 28.
Nd6 Bxd6 29. Rxd6 Na5 30. Rxb6 Nc4 31. Rb3 Qe6 32. Rc3 Nxb2 33. Rxc8+ Qxc8 34.
Qxe5 Nc4 35. Qe7 Qc6 36. Bd4 Qd5 37. Qc5 Qe6 38. Kf2 f6 39. h4 Kf7 40. Qc7+ Kg8
41. Qd8+ Kf7 42. Qc7+ Kg8 43. Bc5 Ne5 44. Qb8+ Kh7 45. Qb1+ Kg8 46. Qe4 Kf7 47.
h5 Qd7 48. Qa8 Qb5 49. Qd5+ Ke8 50. Qe6+ 1-0

[Event "42. Open Villa de Benasque 2023"]
[Site "Benasque ESP"]
[Date "2023.07.09"]
[Round "6.5"]
[White "García Ramos, Daniel"]
[Black "Alekseenko, Kirill"]
[Result "1/2-1/2"]
[WhiteElo "2462"]
[BlackElo "2674"]
[PlyCount "122"]
[EventDate "2023.07.05"]
[EventType "swiss"]
[EventRounds "10"]
[EventCountry "ESP"]
[SourceTitle "AjedrezenMadrid"]
[Source "lmi"]
[SourceDate "2023.07.05"]
[SourceVersion "1"]
[SourceVersionDate "2023.07.09"]
[SourceQuality "1"]

1. e4 e5 2. Nf3 Nc6 3. Bc4 Nf6 4. Ng5 d5 5. exd5 Na5 6. Bb5+ c6 7. dxc6 bxc6 8.
Bd3 Nd5 9. Nf3 Bd6 10. O-O Nf4 11. Re1 Nxd3 12. cxd3 O-O 13. b3 Re8 14. Ba3 Bc7
15. Nc3 Bf5 16. d4 exd4 17. Rxe8+ Qxe8 18. Nxd4 Bg6 19. Qe2 Qd7 20. Re1 Bb6 21.
Nf3 f6 22. Qe6+ Qxe6 23. Rxe6 Rd8 24. h3 Bh5 25. g4 Bf7 26. Rd6 Re8 27. Kf1 Be6
28. Nd4 Bc8 29. Nc2 h5 30. Ne3 hxg4 31. hxg4 Kf7 32. Kg2 Kg6 33. f3 Bc7 34. Rd4
Be5 35. Re4 Rd8 36. Bc1 c5 37. Ra4 Nc6 38. Ne4 Nd4 39. Nxc5 Ne2 40. f4 Bxf4 41.
Ba3 Rxd2 42. Kf3 Bc7 43. Bb4 Ng1+ 44. Ke4 Rd8 45. Nd5 f5+ 46. gxf5+ Bxf5+ 47.
Kd4 Ne2+ 48. Kc4 Bb6 49. Ba5 Rd6 50. Bxb6 axb6 51. Ra6 Kf7 52. Rxb6 Rxb6 53.
Nxb6 g5 54. Nd5 g4 55. Ne3 g3 56. a4 Bh3 57. a5 g2 58. Nxg2 Bxg2 59. b4 Ke7 60.
b5 Kd6 61. b6 Nf4 1/2-1/2

[Event "42. Open Villa de Benasque 2023"]
[Site "Benasque ESP"]
[Date "2023.07.09"]
[Round "6.6"]
[White "Sadhwani, Raunak"]
[Black "Gorshtein, Ido"]
[Result "1-0"]
[WhiteElo "2608"]
[BlackElo "2503"]
[PlyCount "83"]
[EventDate "2023.07.05"]
[EventType "swiss"]
[EventRounds "10"]
[EventCountry "ESP"]
[SourceTitle "AjedrezenMadrid"]
[Source "lmi"]
[SourceDate "2023.07.05"]
[SourceVersion "1"]
[SourceVersionDate "2023.07.09"]
[SourceQuality "1"]

1. e4 c5 2. Nf3 d6 3. d4 cxd4 4. Nxd4 Nf6 5. Nc3 a6 6. Bd3 g6 7. f3 Bg7 8. Be3
O-O 9. Qd2 Nc6 10. O-O-O d5 11. Nxc6 bxc6 12. e5 Nd7 13. f4 Qa5 14. b3 f6 15.
e6 Nc5 16. Bxc5 Qxc5 17. f5 gxf5 18. Rhe1 Rb8 19. Kb1 f4 20. Na4 Qb4 21. Qxb4
Rxb4 22. Bf5 Kh8 23. a3 Rb5 24. Rd4 Bh6 25. g3 Rg8 26. gxf4 Rg2 27. Nc3 Rb8 28.
Re2 Rg1+ 29. Ka2 Bb7 30. b4 Rbg8 31. Re3 R8g2 32. Rh3 Kg7 33. Kb3 Bc8 34. Na4
Re2 35. Nc5 Rgg2 36. Rg3+ Kh8 37. c4 Rb2+ 38. Ka4 Rbd2 39. Nd3 Bb7 40. Ka5 Rxh2
41. Kb6 c5 42. bxc5 1-0

[Event "42. Open Villa de Benasque 2023"]
[Site "Benasque ESP"]
[Date "2023.07.09"]
[Round "6.7"]
[White "Roeder, Matthias"]
[Black "Hovhannisyan, Robert"]
[Result "0-1"]
[WhiteElo "2334"]
[BlackElo "2607"]
[PlyCount "140"]
[EventDate "2023.07.05"]
[EventType "swiss"]
[EventRounds "10"]
[EventCountry "ESP"]
[SourceTitle "AjedrezenMadrid"]
[Source "lmi"]
[SourceDate "2023.07.05"]
[SourceVersion "1"]
[SourceVersionDate "2023.07.09"]
[SourceQuality "1"]

1. Nf3 d5 2. d4 Nf6 3. Bf4 c5 4. e3 Nc6 5. Be2 Bg4 6. O-O e6 7. Nbd2 cxd4 8.
exd4 Bd6 9. Bxd6 Qxd6 10. c3 Qc7 11. Re1 O-O 12. a4 Rfe8 13. Ne5 Nxe5 14. dxe5
Bxe2 15. Qxe2 Nd7 16. Nf3 a6 17. Nd4 Rac8 18. Qh5 g6 19. Qg5 Qb6 20. Re2 Rc4
21. Qh6 Rec8 22. Nf3 Nf8 23. Ng5 Qb3 24. a5 Ra4 25. Rae1 Ra2 26. Qh4 Qc4 27. f4
Ra1 28. Rxa1 Qxe2 29. Qf2 Qc4 30. Qe3 Qb5 31. b4 Rc4 32. Rd1 Qa4 33. Rd3 Qa1+
34. Kf2 Qb1 35. Nf3 Rxf4 36. Rd4 Rxd4 37. Nxd4 Nd7 38. Nf3 Kg7 39. Kg3 Qf1 40.
h4 h6 41. Nh2 Qc4 42. Nf3 Qc7 43. Kf2 b6 44. axb6 Nxb6 45. Ke1 Na4 46. Kd2 Qc4
47. Nd4 Qc7 48. Kc2 Nb6 49. h5 Nc4 50. Qh3 Qxe5 51. hxg6 Qe4+ 52. Kd1 Qxg6 53.
Qf3 Qb1+ 54. Ke2 Qb2+ 55. Ke1 Qd2+ 56. Kf1 Ne3+ 57. Kg1 Qxc3 58. Qg3+ Kh7 59.
Qf4 Qc1+ 60. Kf2 Nd1+ 61. Kg3 Qe3+ 62. Nf3 Qxf4+ 63. Kxf4 f6 64. Ne1 Kg6 65.
Nd3 e5+ 66. Kg3 Nc3 67. Nc5 Ne4+ 68. Kf3 Nxc5 69. bxc5 Kf7 70. c6 Ke7 0-1

[Event "42. Open Villa de Benasque 2023"]
[Site "Benasque ESP"]
[Date "2023.07.09"]
[Round "6.8"]
[White "Puranik, Abhimanyu"]
[Black "Almeida Quintana, Omar"]
[Result "1/2-1/2"]
[WhiteElo "2605"]
[BlackElo "2508"]
[PlyCount "95"]
[EventDate "2023.07.05"]
[EventType "swiss"]
[EventRounds "10"]
[EventCountry "ESP"]
[SourceTitle "AjedrezenMadrid"]
[Source "lmi"]
[SourceDate "2023.07.05"]
[SourceVersion "1"]
[SourceVersionDate "2023.07.09"]
[SourceQuality "1"]

1. e4 d6 2. d4 Nf6 3. Nc3 e5 4. Nf3 Nbd7 5. Bc4 Be7 6. O-O O-O 7. Re1 c6 8. a4
h6 9. a5 Re8 10. h3 exd4 11. Nxd4 Ne5 12. Bf1 Bd7 13. f4 Ng6 14. g3 b5 15. axb6
axb6 16. Rxa8 Qxa8 17. Bg2 Qc8 18. Kh2 Bf8 19. Nf3 b5 20. e5 dxe5 21. fxe5 Nh7
22. Bf4 Bb4 23. Re3 Nhf8 24. Ne4 Nxf4 25. gxf4 Ng6 26. Rd3 Bf5 27. Rd4 Bf8 28.
Qd2 c5 29. Nd6 Bxd6 30. Rxd6 Be4 31. Nh4 Bxg2 32. Nxg2 Qf5 33. Kg3 c4 34. Rd4
f6 35. Rd8 Rxd8 36. Qxd8+ Kh7 37. exf6 gxf6 38. Qc7+ Kg8 39. Ne3 Qe4 40. Qd8+
Kg7 41. Qd7+ Kh8 42. Qd8+ Kh7 43. Qd7+ Kh8 44. Nd5 Qd4 45. Qe8+ Kg7 46. Qd7+
Kh8 47. Qd8+ Kg7 48. Qd7+ 1/2-1/2

[Event "42. Open Villa de Benasque 2023"]
[Site "Benasque ESP"]
[Date "2023.07.09"]
[Round "6.9"]
[White "Xiao, Tong(Qd)"]
[Black "Lalit, Babu"]
[Result "1-0"]
[WhiteElo "2316"]
[BlackElo "2537"]
[PlyCount "43"]
[EventDate "2023.07.05"]
[EventType "swiss"]
[EventRounds "10"]
[EventCountry "ESP"]
[SourceTitle "AjedrezenMadrid"]
[Source "lmi"]
[SourceDate "2023.07.05"]
[SourceVersion "1"]
[SourceVersionDate "2023.07.09"]
[SourceQuality "1"]

1. e4 e5 2. Nf3 Nc6 3. Bb5 a6 4. Ba4 Nf6 5. O-O b5 6. Bb3 Bb7 7. d3 Be7 8. Re1
O-O 9. a4 d6 10. c3 b4 11. Nbd2 Rb8 12. Nc4 Bc8 13. a5 Be6 14. d4 exd4 15. cxd4
d5 16. Nce5 Na7 17. Ng5 Nxe4 18. Nxe6 fxe6 19. Qg4 Rf6 20. Rxe4 dxe4 21. Bxe6+
Kh8 22. Bg5 1-0

[Event "42. Open Villa de Benasque 2023"]
[Site "Benasque ESP"]
[Date "2023.07.09"]
[Round "6.10"]
[White "Forcen Esteban, Daniel"]
[Black "Tejedor Fuente, Enrique"]
[Result "1-0"]
[WhiteElo "2576"]
[BlackElo "2368"]
[PlyCount "101"]
[EventDate "2023.07.05"]
[EventType "swiss"]
[EventRounds "10"]
[EventCountry "ESP"]
[SourceTitle "AjedrezenMadrid"]
[Source "lmi"]
[SourceDate "2023.07.05"]
[SourceVersion "1"]
[SourceVersionDate "2023.07.09"]
[SourceQuality "1"]

1. Nf3 d5 2. g3 Nf6 3. Bg2 Nbd7 4. d4 Nb6 5. Nc3 Bf5 6. Nh4 e6 7. O-O Be7 8.
Nxf5 exf5 9. Qd3 g6 10. Bh6 Qd7 11. a4 c6 12. a5 Nc4 13. b3 Nd6 14. Na4 Ng4 15.
Bf4 Rd8 16. c4 Nf6 17. Nc5 Qc8 18. cxd5 Nxd5 19. Bxd5 cxd5 20. Bxd6 Rxd6 21.
Qb5+ Qc6 22. Qxb7 Qxb7 23. Nxb7 Rc6 24. a6 Kd7 25. Ra5 Ke6 26. f3 Rhc8 27. e4
Rb6 28. exd5+ Kd7 29. Nc5+ Kd8 30. Rc1 Bf6 31. Ra4 Ke7 32. Re1+ Kd6 33. Kf1 Rb5
34. Rc4 Rcb8 35. f4 R8b6 36. Re8 Rb4 37. Ra8 Bxd4 38. Nb7+ Kd7 39. Rd8+ Ke7 40.
d6+ Kf6 41. Re8 Kg7 42. d7 Bf6 43. Rxb4 Rxb4 44. d8=Q Bxd8 45. Nxd8 Rb6 46. Re7
Rxa6 47. Rxf7+ Kh6 48. Rb7 Ra2 49. Ne6 Kh5 50. Rxh7+ Kg4 51. Ng5 1-0